| 000 | 00503nam a2200193Ia 4500 | ||
|---|---|---|---|
| 003 | OSt | ||
| 005 | 20230511143625.0 | ||
| 008 | 210210b1899 xxu||||| |||| 00| 0 eng d | ||
| 040 | _cAL | ||
| 041 | _aFrench | ||
| 082 | _a444/172 | ||
| 100 |
_aMICHAUD _969300 |
||
| 245 | _aHistory De La Premiere Croisade: Tiree De L Historie Des Croisades | ||
| 260 |
_aLondon _bMacmillan & Co. Ltd. _c1899 |
||
| 690 |
_aFrench _969301 |
||
| 700 |
_aHOUGGTON (A V) Ed _969302 |
||
| 906 | _a006367 | ||
| 942 |
_2ddc _cBK |
||
| 999 |
_c129356 _d129356 |
||